000 00445nam a2200181Ia 4500
008 240925s9999 xx 000 0 und d
020 _a9789382951605
082 _a658.421 BUC
100 _aBuchia, Nozer
245 0 _aWhy Entrepreneurs Really Fail
250 _aNA
260 _aLondon:
_bBlooms Bury
_c,2014.
300 _a812p.
_b0
_fOriginal
500 _aIncludes Index
600 _aManagement
650 _aManagement
942 _cBK
999 _c17251
_d17251